Most Populous Bordering Canadian Province Pairs - Statistics

General Stats
  • This quiz has been taken 33 times
    26 since last reset
  • The average score is 15 of 18
Answer Stats
Population Province % Correct
21,612,855 Ontario
100%
Ontario
100%
Quebec
96%
Quebec
96%
Quebec
96%
Alberta
88%
5,165,527 Alberta
88%
4,108,961 Alberta
88%
8,715,230 British Columbia
88%
4,689,841 British Columbia
88%
4,683,929 British Columbia
88%
14,726,859 Manitoba
75%
8,684,077 Newfoundland and Labrador
75%
Saskatchewan
75%
Yukon
71%
8,911,462 New Brunswick
67%
Northwest Territories
63%
Northwest Territories
63%
No matching quizzes found
Score Distribution
Percent of People with Each Score
Percentile by Number Answered
Your Score History
You have not taken this quiz since the last reset